000 01289nam a2200325 a 4500
001 ebr10504739
003 CaPaEBR
006 m u
007 cr cn|||||||||
008 110328s2011 maua sb 001 0 eng d
010 _z 2011007840
020 _z9780262016421 (hardcover : alk. paper)
020 _z9780262298872 (e-book)
040 _aCaPaEBR
_cCaPaEBR
035 _a(OCoLC)759409463
050 1 4 _aQH373
_b.M34 2011eb
082 0 4 _a576.8
_222
100 1 _aMcGhee, George R.
245 1 0 _aConvergent evolution
_h[electronic resource] :
_blimited forms most beautiful /
_cGeorge R. McGhee Jr.
260 _aCambridge, Mass. :
_bMIT Press,
_cc2011.
300 _axii, 322 p. :
_bill.
490 1 _aThe Vienna series in theoretical biology
504 _aIncludes bibliographical references and indexes.
533 _aElectronic reproduction.
_bPalo Alto, Calif. :
_cebrary,
_d2011.
_nAvailable via World Wide Web.
_nAccess may be limited to ebrary affiliated libraries.
650 0 _aConvergence (Biology)
655 7 _aElectronic books.
_2local
710 2 _aebrary, Inc.
830 0 _aVienna series in theoretical biology.
856 4 0 _uhttp://site.ebrary.com/lib/rucke/Doc?id=10504739
_zAn electronic book accessible through the World Wide Web; click to view
999 _c113716
_d113716